Borges, sus días y su tiempo
Guardat en:
| Autor principal: | |
|---|---|
| Format: | Llibre |
| Idioma: | esperanto |
| Publicat: |
Buenos Aires
Javier Vergara
1984
|
| Col·lecció: | Biografía e Historia
|
| Matèries: | |
| Etiquetes: |
Afegir etiqueta
Sense etiquetes, Sigues el primer a etiquetar aquest registre!
|
MARC
| LEADER | 00000nam a2200000 a 4500 | ||
|---|---|---|---|
| 001 | UCG3430 | ||
| 003 | CL-VaPUC | ||
| 008 | 100826e19840000AG |||||||||||||||||epo|d | ||
| 020 | |a 9501504158 | ||
| 082 | 0 | 4 | |a 920 |b VAZ |2 21 |
| 100 | 0 | |a Vázquez, María Esther |e author |9 552575 | |
| 245 | 1 | 0 | |a Borges, sus días y su tiempo |
| 300 | |a 344 p | ||
| 942 | |c BK | ||
| 945 | |d 20100826 00:00:00 |a mfarfan | ||
| 260 | |a Buenos Aires |b Javier Vergara |c 1984 | ||
| 600 | 0 | |a Borges, Jorge Luis |e autor |9 322093 | |
| 650 | 0 | |a Biografías |9 255210 | |
| 583 | |a last modification |c 20100826 00:00:00 |k Rodrigo Vera | ||
| 490 | 0 | |a Biografía e Historia | |
| 999 | |c 342498 |d 342496 | ||
| 952 | |0 0 |1 0 |4 0 |6 920_000000000000000_VAZ_1984 |7 0 |8 C |9 438710 |a BIBCUR |b BIBCUR |d 2019-11-22 |i 4681770 |o 920 VAZ 1984 |p 4681770 |r 2025-04-22 |w 2019-11-22 |y BK |k CAC | ||